Tržní hospodářství a etika - etický pohled na ekonomiku
Vzťah etiky a ekonomiky. Etika a trhové hospodárstvo. Súvislosti medzi ekonomickým systémom a jeho účinkom na občana a spoločnosť. Pojem ekonomický poriadok a ekonomický systém. Hospodárska etika. Sociálna spravodlivosť a sociálna etika.
Saved in:
| Main Author: | |
|---|---|
| Format: | Book Chapter |
| Language: | Czech |
| Subjects: | |
| Tags: |
No Tags, Be the first to tag this record!
|
MARC
| LEADER | 00000naa a2200000 4500 | ||
|---|---|---|---|
| 001 | r018130 | ||
| 005 | 20221205102519.1 | ||
| 041 | 0 | |a cze | |
| 044 | |a CZ | ||
| 245 | 1 | 0 | |a Tržní hospodářství a etika - etický pohled na ekonomiku |c J. Thesing |
| 520 | |a Vzťah etiky a ekonomiky. Etika a trhové hospodárstvo. Súvislosti medzi ekonomickým systémom a jeho účinkom na občana a spoločnosť. Pojem ekonomický poriadok a ekonomický systém. Hospodárska etika. Sociálna spravodlivosť a sociálna etika. | ||
| 610 | 2 | 0 | |a etika |
| 610 | 2 | 0 | |a hospodárstvo trhové |
| 610 | 2 | 0 | |a systémy ekonomické |
| 610 | 2 | 0 | |a občania |
| 610 | 2 | 0 | |a spoločnosť |
| 610 | 2 | 0 | |a politika sociálna |
| 610 | 2 | 0 | |a podmienky životné |
| 610 | 2 | 0 | |a osobnosť |
| 100 | 1 | |a Thesing, J. | |